Country Names With Consecutive Consonants and Vowels - Statistics

General Stats
  • This quiz has been taken 10 times
    6 since last reset
  • The average score is 21 of 33
Answer Stats
Country % Correct
Belarus
83%
Canada
83%
Fiji
83%
Italy
83%
Japan
83%
Kosovo
83%
Mali
83%
Mexico
83%
Niger
83%
Oman
83%
Panama
83%
Senegal
83%
Togo
83%
Yemen
83%
Bahamas
67%
Cuba
67%
Malawi
67%
Peru
67%
Benin
50%
Dominica
50%
Gabon
50%
Iran
50%
Iraq
50%
Kiribati
50%
Lebanon
50%
Monaco
50%
Qatar
50%
Sudan
50%
Tuvalu
50%
Belize
33%
Nepal
33%
Suriname
33%
Comoros
17%
No matching quizzes found
Score Distribution
Percent of People with Each Score
Percentile by Number Answered
Your Score History
You have not taken this quiz since the last reset